Mort subite : Fleuves et départements (1) - Statistiques

Statistiques générales
  • Ce quiz a été pris 98 fois
  • Le résultat moyen est 7 sur 68
Answers on the Grid
Answers color-coded by a green-red scale on the quiz's grid according to % correct below.
Hautes-Alpes / Buech
Ardèche / Ardèche
Bouches-du-Rhône / Rhône
Cher / Loire
Côtes d'Armor / Léguer
Aisne / Somme
Gard / Rhône
Calvados / Calvados
Gers / Adour
Alpes-Maritimes / Roya
Ille-et-Vilaine / Guyoult
Loir-et-Cher / Loire
Loire-Atlantique / Loire
Ain / Rhône
Loire / Rhône
Côte d'or / Seine
Côtes d'Armor / Jaudy
Gironde / Garonne
Allier / Loire
Gard / Hérault
Corrèze / Vézère
Eure / Eure
Finistère / Elorn
Alpes-de-Haute-Provence / Durance
Charente / Charente
Drôme / Rhône
Hérault / Vidourle
Alpes-Maritimes / Var
Côtes d'Armor / Arguenon
Calvados / Seulles
Ille-et-Vilaine / Couesnon
Charente-Maritime / Sèvre niortaise
Lot-et-Garonne / Dropt
Ardèche / Loire
Hérault / Hérault
Eure / Seine
Corse-du-Sud / Taravo
Creuse / Creuse
Alpes-Maritimes / Estéron
Indre-et-Loire / Loire
Côtes d'Armor / Trieux
Doubs / Doubs
Loire / Lignon
Aveyron / Aveyron
Haute-Garonne / Garonne
Cantal / Cère
Hérault / Orb
Dordogne / Dordogne
Loiret / Loire
Bouches-du-Rhône / Durance
Aube / Seine
Isère / Rhône
Calvados / Dives
Côtes d'Armor / Blavet
Haute-Garonne / Ariège
Lozère / Hérault
Calvados / Sienne
Cher / Cher
Jura / Ain
Alpes-de-Haute-Provence / Var
Doubs / Loue
Lot / Lot
Dordogne / Isle
Calvados / Orne
Ille-et-Vilaine / Vilaine
Haute-Loire / Allier
Ardèche / Rhône
Finistère / Aulne
Hérault / Aude
Aveyron / Orb
Indre / Indre
Lot-et-Garonne / Garonne
Eure-et-Loir / Loir
Loire-Atlantique / Vilaine
Charente-Maritime / Seudre
Ariège / Aude
Haute-Loire / Loire
Côtes d'Armor / Gouët
Indre / Creuse
Aude / Agly
Ille-et-Vilaine / Ille
Finistère / Odet
Calvados / Touques
Côtes d'Armor / Leff
Gard / Vidourle
Ardennes / Meuse
Haute-Corse / Golo
Loir-et-Cher / Loir
Calvados / Vire
Ariège / Ariège
Loiret / Loiret
Corse-du-Sud / Gravona
Côte d'or / Saône
Jura / Doubs
Côtes d'Armor / Gouessant
Charente-Maritime / Charente
Côtes d'Armor / Rance
Gard / Gard
Haute-Corse / Tavignano
Maine-et-Loire / Loire
 
Statistiques - réponses
Réponse % Correct
Bouches-du-Rhône / Rhône
60%
Loire-Atlantique / Loire
51%
Gironde / Garonne
42%
Loir-et-Cher / Loire
35%
Cher / Loire
33%
Loire / Rhône
32%
Ain / Rhône
28%
Allier / Loire
26%
Charente / Charente
26%
Gard / Rhône
25%
Aisne / Somme
23%
Gard / Hérault
19%
Drôme / Rhône
18%
Côte d'or / Seine
16%
Eure / Seine
14%
Isère / Rhône
14%
Ardèche / Loire
12%
Côtes d'Armor / Léguer
12%
Haute-Garonne / Garonne
12%
Hérault / Hérault
12%
Charente-Maritime / Charente
11%
Gers / Adour
11%
Indre-et-Loire / Loire
11%
La Durance est une rivière Alpes-de-Haute-Provence / Durance
9%
Alpes-Maritimes / Var
9%
Aube / Seine
9%
Dordogne / Dordogne
9%
Haute-Loire / Loire
9%
Ille-et-Vilaine / Vilaine
9%
Lot-et-Garonne / Garonne
9%
Alpes-Maritimes / Roya
7%
Ardèche / Rhône
7%
Finistère / Elorn
7%
Loiret / Loire
7%
Maine-et-Loire / Loire
7%
Alpes-de-Haute-Provence / Var
5%
Calvados / Seulles
5%
Calvados / Vire
5%
Côtes d'Armor / Arguenon
5%
Côtes d'Armor / Blavet
5%
Côtes d'Armor / Jaudy
5%
Côtes d'Armor / Rance
5%
Finistère / Aulne
5%
Haute-Corse / Tavignano
5%
Ille-et-Vilaine / Couesnon
5%
Ille-et-Vilaine / Guyoult
5%
Loire-Atlantique / Vilaine
5%
Ardennes / Meuse
4%
Calvados / Orne
4%
Corse-du-Sud / Taravo
4%
Hérault / Aude
4%
Lozère / Hérault
4%
Calvados / Dives
2%
Charente-Maritime / Seudre
2%
Charente-Maritime / Sèvre niortaise
2%
Côtes d'Armor / Gouët
2%
Côtes d'Armor / Trieux
2%
Hérault / Orb
2%
Ariège / Aude
0%
Aude / Agly
0%
Aveyron / Orb
0%
Calvados / Sienne
0%
Calvados / Touques
0%
Côtes d'Armor / Gouessant
0%
Finistère / Odet
0%
Gard / Vidourle
0%
Haute-Corse / Golo
0%
Hérault / Vidourle
0%
Aucun quiz correspondant
Distribution des résultats
% des personnes avec chaque résultat
Percentile par nombre de réponses
Votre historique - résultats
Vous n’avez pas pris ce quiz